Fr. Conceicao Rodrigues College of Engineering

Sun T2U and the art of Business (Record no. 34509)

MARC details
000 -LEADER
fixed length control field 00296nam a2200133Ia 4500
082 ## - DEWEY DECIMAL CLASSIFICATION NUMBER
Classification number 658.409
Item number MCN
100 ## - MAIN ENTRY--PERSONAL NAME
Personal name Mc Neilly Mark
245 ## - TITLE STATEMENT
Title Sun T2U and the art of Business
260 ## - PUBLICATION, DISTRIBUTION, ETC.
Name of publisher, distributor, etc. Oxford university
Date of publication, distribution, etc. 1996
546 ## - LANGUAGE NOTE
Language note ENGLISH
654 ## - SUBJECT ADDED ENTRY--FACETED TOPICAL TERMS
Focus term Business
942 ## - ADDED ENTRY ELEMENTS (KOHA)
Koha item type BOOK
Holdings
Withdrawn status Lost status Damaged status Not for loan Collection Home library Current library Date acquired Total Checkouts Full call number Barcode Date last seen Price effective from Koha item type Inventory number
        CRC Fr. Agnel's C.Rodrigues College of Engineering Fr. Agnel's C.Rodrigues College of Engineering 17/03/2023   658.409 MCN 11270 17/03/2023 17/03/2023 BOOK  
        CRC Fr. Agnel's C.Rodrigues College of Engineering Fr. Agnel's C.Rodrigues College of Engineering 17/03/2023   658.409 MCN 11271 17/03/2023 17/03/2023 BOOK 3426